000 00343nam a22001457a 4500
008 221216b ||||| |||| 00| 0 eng d
020 _a9780323044585
041 _aeng
080 _24TH EDITION
_a610.73
082 _a610.73ELK
100 _a8
101 _aINF
245 _aNURSING INTERVENTIONS CLINICAL SKILLS
_cELKIN
942 _2udc
_cBK
999 _c59190
_d59190